| 000 | 00397 a2200145 4500 | ||
|---|---|---|---|
| 082 | _a511.8 | ||
| 090 |
_c6743 _d6743 |
||
| 100 | _aMirza Mohammad Hasan | ||
| 245 |
_aBusiness Mathematics. _bFor Students of Finance & Management. _cMirza Mohammad Hasan |
||
| 250 | _a3rd. | ||
| 260 |
_aKarachi _bFarooq Kitab Ghar _c1986 |
||
| 300 | _a312p. | ||
| 500 | _aPaper cover | ||
| 942 |
_aNBS _cBK _k511.8 HAS |
||
| 999 |
_c349092 _d349092 |
||